[Event "Novosibirsk op 03"]
[Site "Novosibirsk"]
[Date "2009.03.30"]
[Round "8"]
[White "Portal, Alexander"]
[Black "Zhdanov, Petr"]
[Result "1-0"]
[WhiteElo "1796"]
[BlackElo "2002"]
[PlyCount "88"]
[EventDate "2009.03.17"]
[EventType "swiss"]
[EventRounds "9"]
[EventCountry "RUS"]
[SourceTitle "EXT 2012"]
[Source "ChessBase"]
[SourceDate "2011.11.24"]
[SourceVersion "1"]
[SourceVersionDate "2011.11.24"]
[SourceQuality "1"]

1. d4 Nf6 2. c4 g6 3. Nc3 d5 4. Nf3 Bg7 5. e3 0-0 6. Bd3 dxc4 7. Bxc4 b6 8. 0-0 Bb7 9. Ne5 e6 10. Be2 Nbd7 11. Nxd7 Qxd7 12. Bf3 Nd5 13. Bd2 c6 14. Rc1 Rac8 15. Qa4 a5 16. a3 Qd6 17. Qb3 Ba6 18. Rfe1 Rfd8 19. Be2 Bxe2 20. Rxe2 e5 21. dxe5 Bxe5 22. g3 Qe6 23. Nxd5 cxd5 24. Bc3 Bxc3 25. Rxc3 Rxc3 26. Qxc3 Rc8 27. Qe1 Rc4 28. Kg2 Qc6 29. f3 a4 30. Rd2 Rc1 31. Qe2 Rb1 32. Kh3 Rg1 33. Qf2 Qe6+ 34. g4 Rc1 35. Rd4 Qc6 36. Qg3 Qe6 37. e4 Qf6 38. Rxd5 Qxb2 39. Rd8+ Kg7 40. Qd6 Rc2 41. g5 Rxh2+ 42. Qxh2 Qc3 43. Qf4 f5 44. exf5 gxf5 1-0

[Event "Dimitrovgrad-ch"]
[Site "Dimitrovgrad"]
[Date "2009.??.??"]
[Round "1"]
[White "Vershinin, Mikhail1111"]
[Black "Portal, Alexander"]
[Result "1-0"]
[WhiteElo "2035"]
[BlackElo "1795"]
[PlyCount "60"]
[EventDate "2009.08.??"]
[EventType "swiss"]
[EventRounds "9"]
[EventCountry "RUS"]
[SourceTitle "EXT 2012"]
[Source "ChessBase"]
[SourceDate "2011.11.24"]
[SourceVersion "1"]
[SourceVersionDate "2011.11.24"]
[SourceQuality "1"]

1. d4 Nf6 2. Nf3 d5 3. c4 Bf5 4. cxd5 Nxd5 5. g3 c6 6. Nbd2 Nf6 7. Bg2 h6 8. 0-0 e6 9. Re1 Be7 10. e4 Bh7 11. b3 0-0 12. Bb2 Re8 13. Qe2 Na6 14. Ne5 Nd7 15. Nxc6 Qb6 16. Nxe7+ Rxe7 17. Nc4 Qd8 18. Ba3 Nf6 19. Bxe7 Qxe7 20. Rad1 Rd8 21. Qb2 b5 22. Ne5 Qb7 23. d5 exd5 24. exd5 Qb6 25. Nc6 Rf8 26. Qd4 Qxd4 27. Rxd4 Re8 28. d6 Kh8 29. d7 Nxd7 30. Rxd7 Bg6 1-0

[Event "Novosibirsk Sibiria op-D"]
[Site "Novosibirsk"]
[Date "2007.07.26"]
[Round "7"]
[White "Portal, Alexander"]
[Black "Kozhevnikov, Evgraf"]
[Result "0-1"]
[WhiteElo "1767"]
[BlackElo "1972"]
[PlyCount "54"]
[EventDate "2007.07.20"]
[EventType "swiss"]
[EventRounds "9"]
[EventCountry "RUS"]
[SourceTitle "EXT 2008"]
[Source "ChessBase"]
[SourceDate "2007.11.25"]
[SourceVersion "1"]
[SourceVersionDate "2007.11.25"]
[SourceQuality "1"]

1. d4 Nf6 2. c4 g6 3. Nc3 Bg7 4. Nf3 0-0 5. Qb3 d6 6. h3 Nbd7 7. e4 c5 8. d5 Ne8 9. Bg5 Ne5 10. Nd2 f5 11. f3 Nf6 12. 0-0-0 a6 13. exf5 Bxf5 14. Qxb7 Nd3+ 15. Bxd3 Bxd3 16. Rde1 Rf7 17. Re3 Bf5 18. Rhe1 e5 19. dxe6 Rxb7 20. Nd5 Nxd5 21. Bxd8 Bxb2+ 22. Kd1 Nxe3+ 23. Rxe3 Rxd8 24. g4 Bd4 25. Re1 Bd3 26. e7 Re8 27. Re6 Be5 0-1

[Event "Novosibirsk Sibiria op-D"]
[Site "Novosibirsk"]
[Date "2007.07.24"]
[Round "5"]
[White "Portal, Alexander"]
[Black "Volkov, Petr"]
[Result "1/2-1/2"]
[WhiteElo "1767"]
[BlackElo "2077"]
[PlyCount "154"]
[EventDate "2007.07.20"]
[EventType "swiss"]
[EventRounds "9"]
[EventCountry "RUS"]
[SourceTitle "EXT 2008"]
[Source "ChessBase"]
[SourceDate "2007.11.25"]
[SourceVersion "1"]
[SourceVersionDate "2007.11.25"]
[SourceQuality "1"]

1. d4 d5 2. c4 dxc4 3. Nc3 e5 4. d5 c6 5. e4 Nf6 6. Bg5 Bb4 7. Bxc4 Bxc3+ 8. bxc3 Qa5 9. Ne2 Nxe4 10. Bd2 cxd5 11. Bb3 0-0 12. 0-0 Nxd2 13. Qxd2 Be6 14. Rfd1 Rd8 15. Qg5 Nc6 16. Bc2 Qc7 17. Qh4 f5 18. Ng3 Qf7 19. a4 Ne7 20. Qb4 b6 21. a5 Nc6 22. Qb5 Nxa5 23. Rxa5 bxa5 24. Qxa5 Rac8 25. Ra1 Rc7 26. Ne2 Ra8 27. h3 f4 28. f3 Qd7 29. Bd3 Qc6 30. Kh2 Bf7 31. Bb5 Qb6 32. Qa4 Rc5 33. Rb1 a5 34. Bd3 Qc6 35. Bb5 Qc7 36. Bd7 Rd8 37. Bg4 Rc4 38. Qb5 a4 39. Qb2 Ra8 40. Qa3 Qc5 41. Qb2 a3 42. Qb7 Qc6 43. Qe7 Qe8 44. Qb7 a2 45. Ra1 Rcc8 46. Bxc8 Rxc8 47. Rxa2 d4 48. Rd2 dxc3 49. Rc2 Qc6 50. Qxc6 Rxc6 51. Rxc3 Rxc3 52. Nxc3 Kf8 53. Kg1 Ke7 54. Kf2 Bg6 55. g3 fxg3+ 56. Kxg3 Bf5 57. h4 Ke6 58. Nb5 Kd7 59. Kf2 Bd3 60. Nc3 Ke6 61. Kg3 Bc2 62. Ne2 Kf5 63. Ng1 Bd3 64. Nh3 h6 65. Nf2 Bc2 66. Ng4 Ke6 67. Ne3 Bf5 68. Nd1 Kf7 69. Ne3 Kf6 70. Nd1 g5 71. hxg5+ Kxg5 72. Ne3 h5 73. Ng2 Bc2 74. Nh4 Bd3 75. Ng2 Be2 76. f4+ exf4+ 77. Nxf4 h4+ 1/2-1/2

[Event "Novosibirsk Sibiria op-D"]
[Site "Novosibirsk"]
[Date "2007.07.21"]
[Round "2"]
[White "Stepanenko, Leonid"]
[Black "Portal, Alexander"]
[Result "0-1"]
[WhiteElo "2007"]
[BlackElo "1767"]
[PlyCount "80"]
[EventDate "2007.07.20"]
[EventType "swiss"]
[EventRounds "9"]
[EventCountry "RUS"]
[SourceTitle "EXT 2008"]
[Source "ChessBase"]
[SourceDate "2007.11.25"]
[SourceVersion "1"]
[SourceVersionDate "2007.11.25"]
[SourceQuality "1"]

1. d4 Nf6 2. c4 e6 3. Nc3 d5 4. Nf3 Be7 5. e3 b6 6. cxd5 exd5 7. Bd3 0-0 8. 0-0 Bb7 9. Bd2 Nc6 10. a3 a5 11. Qc2 h6 12. Rac1 Na7 13. Nb5 c5 14. Nxa7 Rxa7 15. dxc5 bxc5 16. Ra1 a4 17. Nh4 c4 18. Be2 Ne4 19. Nf5 Bf6 20. Rfd1 Qb6 21. Bc3 Nxc3 22. bxc3 Qb3 23. Rdc1 Rb8 24. Nd4 Bxd4 25. exd4 Re8 26. Bf1 Bc6 27. Ra2 Rae7 28. Rb1 Qxc2 29. Rxc2 Re1 30. Rcb2 R8e2 31. Rb8+ Kh7 32. Rxe1 Rxe1 33. Rb6 Bd7 34. Rb7 Bf5 35. g4 Bd3 36. Rxf7 Rxf1+ 37. Kg2 Rc1 38. Ra7 Rxc3 39. f4 Be4+ 40. Kf2 Rf3+ 0-1